000 00837nam a2200241Ia 4500
003 OSt
005 20220923221143.0
006 a|||||r|||| 00| 0
007 ta
008 220922b |||||||| |||| 00| 0 hin d
024 _a195,641
037 _cTextual
040 _aARTS
_cARTS
_bhin
041 _2hin
_ahin
082 _aR39(Y), 152M4;N3
100 _aथाम्सन, जार्ज
245 0 _aमानवीय सारतत्व
_b विज्ञान औेर कला के स्त्रोत
246 _aMānavīya sāratatva: vijnyān auer kalā ke strota
260 _aदिल्ली
_b अरूणोदयय प्रका0
_c1993
300 _a118पृ.
_ccm.
942 _hR39(Y), 152M4;N3
_cTEXL
_2CC
999 _c347785
_d347785